[Event "PLZEN 2022 – CALLIDITAS OPEN"]
[Site "Plzen (Ceska republika)"]
[Date "2022.08.21"]
[Round "2.9"]
[White "Bartonicek, Zdenek"]
[Black "Egri, Tomas"]
[Result "0-1"]
[WhiteElo "1923"]
[BlackElo "1783"]
[PlyCount "110"]
[EventDate "2022.08.20"]

1. e4 e6 2. Nf3 d5 3. e5 c5 4. b4 cxb4 5. d4 Nc6 6. a3 bxa3 7. c3 Bd7 8. Bd3
Be7 9. h4 h6 10. Nxa3 Bxa3 11. Bxa3 Nge7 12. Bc2 Rc8 13. g4 g6 14. Nd2 Na5 15.
Qf3 Nec6 16. Rh3 Nxd4 17. cxd4 Rxc2 18. Qf4 Nc4 19. Nxc4 Rxc4 20. Bc5 a5 21.
Rf3 f5 22. gxf5 exf5 23. e6 Bxe6 24. Qe5 Kf7 25. Rb1 Re8 26. Re3 Bc8 27. Qxe8+
Qxe8 28. Rxe8 Kxe8 29. Rb6 Kf7 30. Rd6 Be6 31. Rb6 f4 32. Rxb7+ Kf6 33. Rh7 h5
34. Ra7 Ra4 35. f3 Kf5 36. Ra8 Kf6 37. Ra7 Ra1+ 38. Kf2 a4 39. Bd6 Kf5 40. Ra8
Ra2+ 41. Kg1 g5 42. Rf8+ Kg6 43. hxg5 Kxg5 44. Bxf4+ Kg6 45. Be5 Bh3 46. f4 a3
47. Rf6+ Kg7 48. Ra6+ Kf7 49. Bd6 Rg2+ 50. Kh1 a2 51. f5 Rd2 52. Be5 Bxf5 53.
Ra7+ Ke6 54. Ra6+ Ke7 55. Ra7+ Bd7 0-1

[Event "PLZEN 2022 – CALLIDITAS OPEN"]
[Site "Plzen (Ceska republika)"]
[Date "2022.08.21"]
[Round "2.11"]
[White "Hlavac, Rudolf"]
[Black "Andrusevych, Andriy"]
[Result "1-0"]
[WhiteElo "1912"]
[BlackElo "1144"]
[PlyCount "117"]
[EventDate "2022.08.20"]

1. e4 c5 2. Nf3 d6 3. d4 cxd4 4. Qxd4 Nf6 5. Nc3 Bd7 6. Bg5 Nc6 7. Qd2 a6 8.
O-O-O Qc7 9. Be2 Rc8 10. Rhe1 b5 11. Kb1 b4 12. Bxf6 gxf6 13. Nd5 Qb7 14. Nd4
a5 15. Bb5 Ne5 16. Qe2 Bxb5 17. Qxb5+ Qxb5 18. Nxb5 Bg7 19. f4 Nd7 20. Rd3 Rc5
21. a4 bxa3 22. Rxa3 e6 23. Nxd6+ Kf8 24. Nc3 Ke7 25. Nb7 Rh5 26. Rxa5 Rxa5 27.
Nxa5 Rc8 28. Nb3 f5 29. e5 Nb6 30. Rd1 Nc4 31. Rd3 Bf8 32. Nd2 Nb6 33. Rd6 Nd7
34. Ra6 Rd8 35. Nc4 Nc5 36. Ra7+ Ke8 37. Nb5 Ne4 38. Nc7+ Kd7 39. Nd5+ Kc6 40.
Nde3 Bc5 41. Rxf7 Bxe3 42. Nxe3 Nd2+ 43. Kc1 Ne4 44. Re7 Ra8 45. c3 Nc5 46.
Rxh7 Nd3+ 47. Kc2 Nxf4 48. Re7 Rh8 49. h3 Rg8 50. b4 Rg3 51. Kd2 Nxg2 52. Rxe6+
Kc7 53. Nxf5 Rxh3 54. Rh6 Rf3 55. Nd4 Rf7 56. Kd3 Re7 57. Ke4 Ne1 58. Rh1 Ng2
59. Rh2 1-0

[Event "PLZEN 2022 – CALLIDITAS OPEN"]
[Site "Plzen (Ceska republika)"]
[Date "2022.08.21"]
[Round "2.14"]
[White "Turner, Radek"]
[Black "Hajsman, Ladislav"]
[Result "1/2-1/2"]
[WhiteElo "2028"]
[BlackElo "1797"]
[PlyCount "67"]
[EventDate "2022.08.20"]

1. c4 Nf6 2. g3 c6 3. Nf3 e6 4. Bg2 d5 5. O-O Be7 6. b3 O-O 7. Bb2 Nbd7 8. d3
Qb6 9. Qc2 Qc7 10. Nbd2 b6 11. Rfe1 Bb7 12. Rac1 Rac8 13. d4 c5 14. cxd5 Nxd5
15. Qb1 Qd8 16. e4 N5f6 17. Ng5 h6 18. e5 Bxg2 19. exf6 Nxf6 20. Nxe6 fxe6 21.
Kxg2 Qd5+ 22. f3 cxd4 23. Qd3 Rxc1 24. Rxc1 Bc5 25. a3 a5 26. h3 Nd7 27. Qe4
Qxe4 28. Nxe4 Ne5 29. Nxc5 bxc5 30. Rxc5 Nd3 31. Bxd4 Nxc5 32. Bxc5 Rb8 33. b4
axb4 34. axb4 1/2-1/2

[Event "PLZEN 2022 – CALLIDITAS OPEN"]
[Site "Plzen (Ceska republika)"]
[Date "2022.08.21"]
[Round "2.16"]
[White "Zach, Tomas"]
[Black "Yagiz, Bora"]
[Result "0-1"]
[WhiteElo "1600"]
[BlackElo "2154"]
[PlyCount "70"]
[EventDate "2022.08.20"]

1. e4 c5 2. Nf3 Nc6 3. d4 cxd4 4. Nxd4 Nf6 5. Nxc6 bxc6 6. Bd3 e5 7. Bg5 Rb8 8.
b3 d5 9. Bxf6 Qxf6 10. O-O Bc5 11. Nd2 O-O 12. Qe2 Re8 13. Kh1 Qh6 14. c4 d4
15. Rad1 Bb4 16. f3 Be7 17. Qf2 Bg5 18. g4 Be3 19. Qg2 c5 20. Rfe1 a5 21. Nf1
Bf4 22. Ng3 a4 23. Rb1 axb3 24. Rxb3 Rxb3 25. axb3 Bxg3 26. Qxg3 Qd2 27. Bf1
Qb2 28. f4 exf4 29. Qf3 Bb7 30. Re2 Qc1 31. Kg2 Rxe4 32. Rxe4 Qc2+ 33. Kg1 Qxe4
34. Qxe4 Bxe4 35. Kf2 g5 0-1

[Event "PLZEN 2022 – CALLIDITAS OPEN"]
[Site "Plzen (Ceska republika)"]
[Date "2022.08.21"]
[Round "2.17"]
[White "Diachek, Andriy"]
[Black "Flajsman, Petr"]
[Result "1-0"]
[WhiteElo "1516"]
[BlackElo "1907"]
[PlyCount "105"]
[EventDate "2022.08.20"]

1. e4 c5 2. Nf3 a6 3. c4 Nc6 4. Nc3 e5 5. d3 d6 6. g3 h6 7. Bg2 Nf6 8. O-O Be7
9. Nd5 Nxd5 10. exd5 Nd4 11. Nxd4 cxd4 12. f4 Qc7 13. fxe5 dxe5 14. b4 Qb6 15.
Ba3 O-O 16. Qe1 f6 17. c5 Qb5 18. d6 Bd8 19. Bd5+ Kh8 20. Bc4 Qc6 21. Qe4 Qxe4
22. dxe4 Bd7 23. Bd5 Bc6 24. Bxc6 bxc6 25. Rab1 Rf7 26. Bc1 Rb7 27. Bd2 Kg8 28.
a4 Rab8 29. Rb3 Kf7 30. Kf2 Ke6 31. Ke2 Ba5 32. Rfb1 f5 33. Kd3 fxe4+ 34. Kxe4
Bd8 35. h4 Bf6 36. Rh1 Bd8 37. Rhb1 Bf6 38. Rf1 Rf7 39. g4 Bxh4 40. Rxf7 Kxf7
41. Kxe5 Bf6+ 42. Ke4 g5 43. Kd3 h5 44. gxh5 Rh8 45. b5 axb5 46. axb5 cxb5 47.
Rxb5 Ke6 48. Rb6 Kd5 49. d7 Be7 50. h6 Bxc5 51. Rg6 Rd8 52. h7 Rh8 53. Rg8 1-0

[Event "PLZEN 2022 – CALLIDITAS OPEN"]
[Site "Plzen (Ceska republika)"]
[Date "2022.08.21"]
[Round "2.18"]
[White "Sladek, Jaroslav"]
[Black "Stepanek, Vit"]
[Result "1/2-1/2"]
[WhiteElo "1875"]
[BlackElo "1518"]
[PlyCount "98"]
[EventDate "2022.08.20"]

1. e4 c6 2. d4 d5 3. f3 dxe4 4. fxe4 Nf6 5. e5 Nd5 6. c4 Nb6 7. b3 Bf5 8. Nf3
e6 9. Bd3 Bxd3 10. Qxd3 c5 11. Nc3 cxd4 12. Qxd4 Nc6 13. Qe4 a6 14. O-O Bc5+
15. Be3 Bxe3+ 16. Qxe3 Qc7 17. Rad1 Nd7 18. Ne4 O-O 19. Nd6 Rad8 20. c5 b6 21.
cxb6 Qxb6 22. Qxb6 Nxb6 23. Nc4 Nd5 24. Rd2 a5 25. Rfd1 Nc3 26. Rxd8 Rxd8 27.
Rxd8+ Nxd8 28. Nxa5 Nxa2 29. Kf2 Nb4 30. Ke3 Ndc6 31. Nxc6 Nxc6 32. Kd3 Kf8 33.
Kc4 Ke7 34. Kc5 Kd7 35. b4 f6 36. exf6 gxf6 37. b5 Nd8 38. g4 e5 39. Kd5 Nb7
40. g5 e4 41. Kxe4 fxg5 42. Kf5 Nd6+ 43. Kxg5 Nxb5 44. Kh6 Ke6 45. h4 Nd6 46.
Kxh7 Kf5 47. h5 Kg4 48. h6 Nf5 49. Ne5+ Kh5 1/2-1/2

[Event "PLZEN 2022 – CALLIDITAS OPEN"]
[Site "Plzen (Ceska republika)"]
[Date "2022.08.21"]
[Round "2.19"]
[White "Hosnedl, Jiri"]
[Black "Kotesovec, Jaroslav"]
[Result "1-0"]
[WhiteElo "1860"]
[BlackElo "1482"]
[PlyCount "69"]
[EventDate "2022.08.20"]

1. d4 d5 2. c4 dxc4 3. e4 e6 4. Bxc4 Nc6 5. Nf3 Bb4+ 6. Nc3 Nge7 7. O-O O-O 8.
a3 Bxc3 9. bxc3 a6 10. a4 Re8 11. a5 b5 12. axb6 cxb6 13. Bf4 Ng6 14. Bg3 Bb7
15. Qb3 b5 16. Bd3 e5 17. d5 Na7 18. Nd2 Qc7 19. c4 Rec8 20. Rfb1 Qc5 21. cxb5
axb5 22. h3 Qc3 23. Qxc3 Rxc3 24. Bxb5 Nxb5 25. Rxa8+ Bxa8 26. Rxb5 Rc8 27. f3
f6 28. Nb3 Ne7 29. Bf2 Rd8 30. Nc5 Kf7 31. Ra5 f5 32. Ra7 g6 33. Bh4 fxe4 34.
fxe4 Re8 35. Bxe7 1-0

[Event "PLZEN 2022 – CALLIDITAS OPEN"]
[Site "Plzen (Ceska republika)"]
[Date "2022.08.21"]
[Round "2.20"]
[White "Fakan, Petr"]
[Black "Syrovatka, Čenek"]
[Result "0-1"]
[WhiteElo "1272"]
[BlackElo "1820"]
[PlyCount "30"]
[EventDate "2022.08.20"]

1. e4 d6 2. Nc3 Nf6 3. Nf3 g6 4. Be2 Bg7 5. d4 O-O 6. Bf4 Nbd7 7. O-O c6 8. Re1
b5 9. a3 Bb7 10. Qd2 Qb6 11. e5 dxe5 12. dxe5 Nd5 13. Nxd5 cxd5 14. e6 fxe6 15.
Nd4 Bxd4 0-1

[Event "PLZEN 2022 – CALLIDITAS OPEN"]
[Site "Plzen (Ceska republika)"]
[Date "2022.08.21"]
[Round "2.21"]
[White "Tykalova, Barbora"]
[Black "Mohylnyi, Stepan"]
[Result "0-1"]
[WhiteElo "1168"]
[BlackElo "1709"]
[PlyCount "62"]
[EventDate "2022.08.20"]

1. e4 e6 2. d4 d5 3. exd5 exd5 4. Bd3 Bd6 5. Nf3 Ne7 6. O-O Bg4 7. Be3 Nbc6 8.
Nc3 Qd7 9. Be2 f6 10. Qd3 O-O-O 11. Qb5 g5 12. Nxd5 Nxd5 13. Qxd5 Bxh2+ 14.
Nxh2 Qxd5 15. Bxg4+ Kb8 16. f4 Rhe8 17. Rfe1 Rxe3 18. Bf3 Rxe1+ 19. Rxe1 Qxd4+
20. Kf1 Qxf4 21. Ng4 h5 22. Ne3 g4 23. Nd5 Rxd5 24. Re4 Qf5 25. Re8+ Rd8 26.
Re4 gxf3 27. Re3 f2 28. Rf3 Qxc2 29. g3 Rd1+ 30. Kg2 f1=B+ 31. Kh1 Qg2# 0-1

[Event "PLZEN 2022 – CALLIDITAS OPEN"]
[Site "Plzen (Ceska republika)"]
[Date "2022.08.21"]
[Round "2.22"]
[White "Soutner, Jaroslav"]
[Black "Rehacek, Jan"]
[Result "1/2-1/2"]
[WhiteElo "1702"]
[BlackElo "1324"]
[PlyCount "92"]
[EventDate "2022.08.20"]

1. e4 e6 2. d4 d5 3. Nc3 Nf6 4. Bg5 Be7 5. e5 Nfd7 6. h4 Bxg5 7. hxg5 Qxg5 8.
Qd3 h6 9. Nh3 Qe7 10. Qg3 Qf8 11. O-O-O b6 12. Be2 Ba6 13. Bh5 Nc6 14. Qf4 Ne7
15. Qd2 Ng6 16. f4 O-O-O 17. f5 Ne7 18. fxe6 fxe6 19. Be2 Bxe2 20. Qxe2 Qe8 21.
Qa6+ Kb8 22. Nb5 Nc8 23. Rd3 c6 24. Nd6 Nxd6 25. exd6 Nf6 26. Ra3 Qd7 27. Nf4
Rhe8 28. Ng6 Qb7 29. Ne5 Rxd6 30. Qa4 Re7 31. Rb3 Qc7 32. Rhh3 Nd7 33. Nd3 Ka8
34. Nb4 Nb8 35. Rhc3 Rf7 36. Na6 Nxa6 37. Qxa6 Qb8 38. Rf3 Rdd7 39. Rfc3 Rd6
40. Rb4 Qb7 41. Qd3 g5 42. Qg6 Rf1+ 43. Kd2 Qf7 44. Qxf7 Rxf7 45. Ke2 Kb7 46.
Re3 h5 1/2-1/2

[Event "PLZEN 2022 – CALLIDITAS OPEN"]
[Site "Plzen (Ceska republika)"]
[Date "2022.08.21"]
[Round "2.23"]
[White "Humeniuk, Artur"]
[Black "Berka, Lubos"]
[Result "1/2-1/2"]
[WhiteElo "1027"]
[BlackElo "1678"]
[PlyCount "92"]
[EventDate "2022.08.20"]

1. e4 c6 2. d4 d5 3. e5 e6 4. a3 c5 5. dxc5 Bxc5 6. b4 Bb6 7. Qg4 g6 8. Bd3 Nc6
9. Bb2 Nh6 10. Qf4 Nf5 11. Bxf5 gxf5 12. Qh6 Bd4 13. Bxd4 Nxd4 14. Qd2 Qh4 15.
Ne2 Nxe2 16. Qxe2 Qe4 17. Qxe4 fxe4 18. g3 Bd7 19. Kd2 Ke7 20. Rc1 Rac8 21. Ke3
Rc7 22. c4 Rxc4 23. Rxc4 dxc4 24. Nc3 Bc6 25. Rd1 Rd8 26. Rxd8 Kxd8 27. b5 Bd5
28. Nxe4 Bxe4 29. Kxe4 c3 30. Kd3 c2 31. Kxc2 Kc7 32. Kc3 b6 33. g4 Kd7 34. Kd4
Ke7 35. g5 Kf8 36. h4 Kg7 37. h5 Kf8 38. f4 Kg7 39. Ke4 Kf8 40. h6 Ke7 41. f5
Kf8 42. Kf4 Kg8 43. Ke4 Kf8 44. Kf4 Kg8 45. Ke4 Kf8 46. Kf4 Kg8 1/2-1/2

[Event "PLZEN 2022 – CALLIDITAS OPEN"]
[Site "Plzen (Ceska republika)"]
[Date "2022.08.21"]
[Round "2.29"]
[White "Koper, Stefan"]
[Black "Roubal, Frantisek"]
[Result "1-0"]
[WhiteElo "1823"]
[BlackElo "1240"]
[PlyCount "47"]
[EventDate "2022.08.20"]

1. d4 d5 2. c4 c6 3. Nf3 Nf6 4. Nc3 Bf5 5. cxd5 cxd5 6. Bf4 e6 7. e3 Nbd7 8.
Bb5 a6 9. Bxd7+ Qxd7 10. O-O Be7 11. h3 h6 12. Ne5 Qd8 13. Qb3 b5 14. a4 b4 15.
Nc6 Qb6 16. Nxe7 Kxe7 17. a5 Qb7 18. Na4 Nd7 19. Nb6 Nxb6 20. Qxb4+ Kf6 21.
axb6 Bd3 22. Rfc1 Rhc8 23. Rc5 Rc6 24. Rxc6 1-0

[Event "PLZEN 2022 – CALLIDITAS OPEN"]
[Site "Plzen (Ceska republika)"]
[Date "2022.08.22"]
[Round "3.1"]
[White "Vlk, Miloslav"]
[Black "Eret, Matous"]
[Result "1/2-1/2"]
[WhiteElo "1971"]
[BlackElo "2261"]
[PlyCount "83"]
[EventDate "2022.08.20"]

1. c4 e5 2. Nc3 Nc6 3. g3 f5 4. Bg2 Nf6 5. e3 d6 6. Nge2 Be7 7. O-O O-O 8. d4
Qe8 9. b3 Qh5 10. Nd5 Bd8 11. Nec3 Qh6 12. Nxf6+ Bxf6 13. Nd5 Bd8 14. f4 e4 15.
Ba3 Be6 16. Nc3 Bf7 17. d5 Ne5 18. fxe5 Qxe3+ 19. Kh1 Qxc3 20. Rxf5 g6 21. Rf2
e3 22. Bb2 Qa5 23. Rf3 dxe5 24. Rxe3 Qb6 25. Qe2 Bf6 26. Re1 a5 27. Bxe5 Bxe5
28. Rxe5 a4 29. Qc2 axb3 30. axb3 Ra3 31. R5e3 Rfa8 32. Bh3 Ra1 33. Qc3 Rxe1+
34. Rxe1 Ra2 35. Qe3 Ra1 36. Kg2 Rxe1 37. Qxe1 Qxb3 38. Qe2 b5 39. Be6 Qxc4 40.
Bxf7+ Kxf7 41. Qe6+ Kg7 42. Qe7+ 1/2-1/2

[Event "PLZEN 2022 – CALLIDITAS OPEN"]
[Site "Plzen (Ceska republika)"]
[Date "2022.08.22"]
[Round "3.2"]
[White "Flajsman, Pavel"]
[Black "Hlavac, Rudolf"]
[Result "1-0"]
[WhiteElo "2189"]
[BlackElo "1912"]
[PlyCount "111"]
[EventDate "2022.08.20"]

1. d4 d5 2. Nf3 Nf6 3. c4 dxc4 4. e3 Bg4 5. Bxc4 e6 6. O-O Nbd7 7. h3 Bh5 8.
Nc3 Bd6 9. Be2 O-O 10. e4 e5 11. dxe5 Nxe5 12. Bg5 c6 13. Nd4 Bxe2 14. Qxe2 h6
15. Be3 Ng6 16. Rad1 Qc7 17. Nf5 Bf4 18. Bd4 Be5 19. Qf3 Rad8 20. Bxe5 Qxe5 21.
Qe3 Rfe8 22. Rxd8 Rxd8 23. f4 Qa5 24. Rf2 Qb4 25. a3 Qc4 26. e5 Nd5 27. Nxd5
Rxd5 28. Nd6 Qd4 29. Qxd4 Rxd4 30. g3 f6 31. Nxb7 fxe5 32. fxe5 Nxe5 33. Re2
Nc4 34. Rc2 Ne5 35. Na5 Rd6 36. Kf2 Rd5 37. b4 c5 38. bxc5 Nd3+ 39. Ke3 Nxc5
40. Nc6 Kf7 41. Nb4 Rg5 42. g4 Ne6 43. Nc6 Rb5 44. Rc3 a6 45. h4 Rb1 46. Ne5+
Kf6 47. Nf3 a5 48. Ke4 Rb6 49. Ne5 Rb3 50. Nd7+ Ke7 51. Rxb3 Kxd7 52. Ke5 a4
53. Rd3+ Ke7 54. Rc3 g5 55. hxg5 hxg5 56. Rc4 1-0

[Event "PLZEN 2022 – CALLIDITAS OPEN"]
[Site "Plzen (Ceska republika)"]
[Date "2022.08.22"]
[Round "3.3"]
[White "Mametev, Artem"]
[Black "Haba, Zdenek"]
[Result "1/2-1/2"]
[WhiteElo "1920"]
[BlackElo "2156"]
[PlyCount "24"]
[EventDate "2022.08.20"]

1. e4 g6 2. d4 Bg7 3. Nc3 d6 4. g3 Nd7 5. Bg2 e5 6. Nge2 Ngf6 7. O-O O-O 8. h3
exd4 9. Nxd4 Re8 10. Nb3 a6 11. Be3 Rb8 12. f4 b6 1/2-1/2

[Event "PLZEN 2022 – CALLIDITAS OPEN"]
[Site "Plzen (Ceska republika)"]
[Date "2022.08.22"]
[Round "3.4"]
[White "Pokrupa, Marek"]
[Black "Papay, Jindrich"]
[Result "1-0"]
[WhiteElo "2124"]
[BlackElo "1906"]
[PlyCount "65"]
[EventDate "2022.08.20"]

1. e4 e6 2. d3 c5 3. Nf3 d5 4. Nbd2 Nc6 5. g3 Nf6 6. Bg2 Be7 7. O-O dxe4 8.
dxe4 e5 9. Nc4 Qc7 10. Re1 Be6 11. Qe2 Nd4 12. Qd3 Nxf3+ 13. Bxf3 h6 14. a4 Rd8
15. Qc3 Bxc4 16. Qxc4 O-O 17. Be3 Rd7 18. Ra3 a5 19. Rd1 Rxd1+ 20. Bxd1 Rd8 21.
Be2 Rd6 22. Kg2 Rb6 23. Rb3 Rxb3 24. Qxb3 Nxe4 25. Bf3 Nd6 26. Qd5 e4 27. Bh5
b6 28. Bf4 Bf8 29. Qxe4 Qe7 30. Qc6 Qe4+ 31. Qxe4 Nxe4 32. Bc7 Nd2 33. Be2 1-0

[Event "PLZEN 2022 – CALLIDITAS OPEN"]
[Site "Plzen (Ceska republika)"]
[Date "2022.08.22"]
[Round "3.5"]
[White "Langmajer, Jan"]
[Black "Bechynsky, Jan"]
[Result "1/2-1/2"]
[WhiteElo "1871"]
[BlackElo "1982"]
[PlyCount "35"]
[EventDate "2022.08.20"]

1. e4 c6 2. d4 d5 3. exd5 cxd5 4. Nf3 Nc6 5. c3 Nf6 6. Bf4 Bg4 7. Be2 e6 8.
Nbd2 Be7 9. Ne5 Bxe2 10. Qxe2 Nd7 11. Ndf3 O-O 12. O-O Rc8 13. Rfe1 Ndxe5 14.
Nxe5 Bf6 15. Qg4 Bxe5 16. Bxe5 Nxe5 17. Rxe5 Qb6 18. Qe2 1/2-1/2

[Event "PLZEN 2022 – CALLIDITAS OPEN"]
[Site "Plzen (Ceska republika)"]
[Date "2022.08.22"]
[Round "3.6"]
[White "Egri, Tomas"]
[Black "Koper, Stefan"]
[Result "1/2-1/2"]
[WhiteElo "1783"]
[BlackElo "1823"]
[PlyCount "29"]
[EventDate "2022.08.20"]

1. e4 g6 2. d4 Bg7 3. Nf3 c6 4. Nc3 d5 5. e5 Bg4 6. Bg5 Qa5 7. h3 Bxf3 8. Qxf3
b5 9. Bd2 Qb6 10. Nxd5 cxd5 11. Qxd5 Nc6 12. Bxb5 Rc8 13. e6 fxe6 14. Qxe6 Rc7
15. Bc4 1/2-1/2

[Event "PLZEN 2022 – CALLIDITAS OPEN"]
[Site "Plzen (Ceska republika)"]
[Date "2022.08.22"]
[Round "3.7"]
[White "Neuman, Petr"]
[Black "Chudek, Lubomir"]
[Result "1-0"]
[WhiteElo "2393"]
[BlackElo "1770"]
[PlyCount "71"]
[EventDate "2022.08.20"]

1. e4 c5 2. Nc3 Nc6 3. Bb5 g6 4. Bxc6 dxc6 5. d3 Bg7 6. f4 Nf6 7. Nf3 Bg4 8. h3
Bxf3 9. Qxf3 Qc7 10. O-O O-O 11. Be3 b6 12. g4 e6 13. Rae1 Rad8 14. Kh1 Kh8 15.
Bg1 Qd7 16. Bf2 Rde8 17. Re2 Rc8 18. Bh4 Rce8 19. Rg2 Ng8 20. f5 Bf6 21. Be1 g5
22. h4 h6 23. Rh2 Kg7 24. Qh3 Be5 25. Bg3 Bxg3 26. Qxg3 f6 27. fxe6 Qxe6 28.
Nd1 c4 29. Ne3 cxd3 30. Nf5+ Kh7 31. cxd3 Ne7 32. Qc7 Rf7 33. Nd6 Rc8 34. Nxc8
Nxc8 35. Qg3 Qxa2 36. Qh3 1-0

[Event "PLZEN 2022 – CALLIDITAS OPEN"]
[Site "Plzen (Ceska republika)"]
[Date "2022.08.22"]
[Round "3.8"]
[White "Pelikan, David"]
[Black "Turner, Radek"]
[Result "0-1"]
[WhiteElo "1997"]
[BlackElo "2028"]
[PlyCount "118"]
[EventDate "2022.08.20"]

1. Nf3 Nf6 2. g3 g6 3. Bg2 Bg7 4. O-O O-O 5. c4 d6 6. Nc3 c5 7. d3 Nc6 8. Rb1
Ne8 9. Bf4 Nc7 10. a3 a5 11. Nd5 Bg4 12. h3 Nxd5 13. cxd5 Bxf3 14. Bxf3 Nd4 15.
Bg2 a4 16. Bd2 Nb3 17. Bc3 b5 18. f4 Qb6 19. Bxg7 Kxg7 20. Kh2 Qa5 21. Rf2 Rab8
22. e3 Rbc8 23. Qg4 f5 24. Qg5 Qc7 25. Re1 Rce8 26. Bf3 Qd7 27. g4 e5 28. dxe6
Qxe6 29. gxf5 Qxf5 30. Qxf5 Rxf5 31. Bc6 Rb8 32. Rg1 Rb6 33. Bd7 Rf6 34. Kg3 d5
35. Rc2 Rb7 36. Bg4 Re7 37. Re1 Rd6 38. Bf3 c4 39. dxc4 dxc4 40. Kf2 Nc5 41.
Ree2 Nd3+ 42. Kg3 Rde6 43. e4 Rf7 44. f5 gxf5 45. exf5 Rxe2 46. Bxe2 Rd7 47.
Bf3 Ne5 48. Re2 Kf6 49. Be4 Rd1 50. Kf4 Rd6 51. Ke3 c3 52. bxc3 Nc4+ 53. Kf4
Nxa3 54. Rb2 Ra6 55. Bd3 Rb6 56. Ke4 Rc6 57. Bxb5 Rb6 58. c4 Nxc4 59. Rc2 Nd6+
0-1

[Event "PLZEN 2022 – CALLIDITAS OPEN"]
[Site "Plzen (Ceska republika)"]
[Date "2022.08.22"]
[Round "3.9"]
[White "Yagiz, Bora"]
[Black "Kalveus, Jan"]
[Result "1-0"]
[WhiteElo "2154"]
[BlackElo "1790"]
[PlyCount "85"]
[EventDate "2022.08.20"]

1. e4 e6 2. d4 d5 3. Nd2 Nf6 4. e5 Nfd7 5. c3 c5 6. f4 Nc6 7. Ndf3 cxd4 8. cxd4
Qb6 9. g3 Bb4+ 10. Kf2 f6 11. Kg2 Be7 12. Bd3 Nf8 13. Ne2 Bd7 14. Nc3 Kf7 15.
Na4 Qd8 16. Be3 Nb4 17. Be2 Rc8 18. Nc3 a6 19. Rc1 h6 20. a3 Nc6 21. b4 a5 22.
b5 Na7 23. a4 Bb4 24. Qb3 Be8 25. Nd2 Ke7 26. Na2 Bxd2 27. Bxd2 Bg6 28. Rxc8
Be4+ 29. Kf2 Nxc8 30. Rc1 Nd7 31. Qc3 b6 32. Qc6 f5 33. Bh5 Rg8 34. Bg6 Rh8 35.
Nb4 Nc5 36. dxc5 d4 37. Qxe4 fxe4 38. Nc6+ Kd7 39. Nxd8 e3+ 40. Bxe3 dxe3+ 41.
Kxe3 Kxd8 42. Rd1+ Kc7 43. c6 1-0

[Event "PLZEN 2022 – CALLIDITAS OPEN"]
[Site "Plzen (Ceska republika)"]
[Date "2022.08.22"]
[Round "3.10"]
[White "Mohylnyi, Stepan"]
[Black "Kriz, Daniel"]
[Result "1/2-1/2"]
[WhiteElo "1709"]
[BlackElo "1999"]
[PlyCount "92"]
[EventDate "2022.08.20"]

1. e4 e5 2. Nf3 Nc6 3. d4 exd4 4. Nxd4 Bc5 5. Be3 Qf6 6. c3 Bb6 7. Bc4 Nge7 8.
O-O O-O 9. Na3 d6 10. Nac2 Qg6 11. f3 Ne5 12. Bb3 Be6 13. Nxe6 Bxe3+ 14. Nxe3
fxe6 15. Qe2 Rf4 16. Nc2 N7c6 17. Nd4 Nxd4 18. cxd4 Nc6 19. Qe3 Raf8 20. Rac1
Kh8 21. Ba4 e5 22. Bxc6 exd4 23. Qxd4 bxc6 24. Qxa7 c5 25. Qa3 Qf6 26. Qc3 Qe6
27. a3 Rh4 28. Rc2 Qf7 29. Qd3 Qf4 30. g3 Qg5 31. Kg2 Rh6 32. f4 Qg4 33. Qd5
Rb8 34. a4 Qd7 35. Ra1 c6 36. Qd3 Qa7 37. Kh1 Qa5 38. Re2 Qb4 39. a5 c4 40. Qc3
Qc5 41. a6 d5 42. Qe5 Ra8 43. exd5 Qxd5+ 44. Qxd5 cxd5 45. a7 Kg8 46. Re7 Rb6
1/2-1/2

[Event "PLZEN 2022 – CALLIDITAS OPEN"]
[Site "Plzen (Ceska republika)"]
[Date "2022.08.22"]
[Round "3.11"]
[White "Krisman, Ondrej"]
[Black "Bartonicek, Zdenek"]
[Result "0-1"]
[WhiteElo "1615"]
[BlackElo "1923"]
[PlyCount "82"]
[EventDate "2022.08.20"]

1. e4 d6 2. d4 Nf6 3. Nc3 Nbd7 4. Nf3 e5 5. Bc4 Be7 6. O-O c6 7. Bg5 b5 8. Bxf6
Bxf6 9. Bb3 O-O 10. d5 b4 11. Ne2 c5 12. c4 Nb6 13. Ng3 a5 14. a4 Bd7 15. Qc1
Qe8 16. Nf5 Bxf5 17. exf5 e4 18. Re1 Qe7 19. Bd1 Rae8 20. Ra2 Qd7 21. Nd2 Qxf5
22. Bc2 Bg5 23. Qd1 Bxd2 24. Qxd2 Nxc4 25. Qe2 Ne5 26. Bxe4 Qf6 27. Qb5 g6 28.
b3 Qg5 29. Rae2 f5 30. Bb1 Nf3+ 31. Kf1 Rxe2 32. Qxe2 Nxe1 33. Qxe1 Qf6 34. Bd3
Qe5 35. Qxe5 dxe5 36. Bc4 Rd8 37. Ke2 Kf8 38. Ke3 Ke7 39. f4 Kd6 40. fxe5+ Kxe5
41. Kf3 Rxd5 0-1

[Event "PLZEN 2022 – CALLIDITAS OPEN"]
[Site "Plzen (Ceska republika)"]
[Date "2022.08.22"]
[Round "3.12"]
[White "Ondrejat, Miroslav"]
[Black "Zoufaly, Petr"]
[Result "1-0"]
[WhiteElo "1900"]
[BlackElo "1656"]
[PlyCount "55"]
[EventDate "2022.08.20"]

1. e4 e5 2. Nf3 d6 3. d4 exd4 4. Nxd4 Nf6 5. Nc3 Be7 6. Be2 b6 7. Bb5+ Bd7 8.
a4 a6 9. Bd3 Nc6 10. Nf5 Bxf5 11. exf5 Ne5 12. O-O Nxd3 13. Qxd3 O-O 14. Re1
Re8 15. Bg5 h6 16. Bh4 Nd7 17. Rxe7 Rxe7 18. Nd5 Re1+ 19. Rxe1 Qxh4 20. Nxc7
Nc5 21. Qf3 Rf8 22. b3 Qb4 23. Rd1 Rd8 24. Nd5 Qh4 25. g3 Qe4 26. Qxe4 Nxe4 27.
Nxb6 Nf6 28. Nd5 1-0

[Event "PLZEN 2022 – CALLIDITAS OPEN"]
[Site "Plzen (Ceska republika)"]
[Date "2022.08.22"]
[Round "3.13"]
[White "Andrusevych, Andriy"]
[Black "Hurtak, Otto"]
[Result "0-1"]
[WhiteElo "1144"]
[BlackElo "1893"]
[PlyCount "134"]
[EventDate "2022.08.20"]

1. e4 c5 2. Nf3 a6 3. d4 cxd4 4. Nxd4 Nf6 5. Nc3 e5 6. Nb3 Bb4 7. Bg5 d6 8. Bd3
h6 9. Bh4 Be6 10. O-O Bxc3 11. bxc3 Nbd7 12. Qd2 Qc7 13. f4 exf4 14. Bxf6 Nxf6
15. Qxf4 O-O 16. Nd4 Rae8 17. Nxe6 Rxe6 18. c4 Nd7 19. Qf3 Qc5+ 20. Qf2 Qxf2+
21. Rxf2 Ne5 22. Rb1 Re7 23. Rd2 Rc8 24. Rb4 Rec7 25. Be2 Nxc4 26. Bxc4 Rxc4
27. Rxb7 Rxc2 28. Rxc2 Rxc2 29. a4 Rc4 30. Rb6 Rxa4 31. Rxd6 a5 32. Ra6 Ra2 33.
h3 a4 34. Kh2 Kf8 35. Kg3 a3 36. Kf3 Ra1 37. Kf2 a2 38. Ra7 Ke8 39. Kg3 Kd8 40.
Kf2 Kc8 41. Kg3 Kb8 42. Ra3 Kb7 43. Kh2 Kb6 44. Kg3 Kc5 45. Ra5+ Kd4 46. Ra4+
Ke3 47. e5 Kd3 48. Ra3+ Ke4 49. Ra5 Kf5 50. Kh2 h5 51. g3 g5 52. Kg2 Ke4 53.
Kh2 g4 54. hxg4 hxg4 55. Kg2 Kd3 56. Ra3+ Kc2 57. Ra8 Kb3 58. Rb8+ Kc3 59. Ra8
Rd1 60. Rxa2 Rd2+ 61. Rxd2 Kxd2 62. Kf1 Ke3 63. Kg2 Ke2 64. Kg1 Kf3 65. Kf1
Kxg3 66. Kg1 Kf4 67. Kg2 Kxe5 0-1

[Event "PLZEN 2022 – CALLIDITAS OPEN"]
[Site "Plzen (Ceska republika)"]
[Date "2022.08.22"]
[Round "3.14"]
[White "Hodan, Jiri"]
[Black "Macho, Miloslav"]
[Result "1/2-1/2"]
[WhiteElo "1878"]
[BlackElo "1635"]
[PlyCount "76"]
[EventDate "2022.08.20"]

1. e4 c5 2. Nf3 Nc6 3. c3 Nf6 4. e5 Nd5 5. d4 cxd4 6. cxd4 d6 7. Bc4 Nb6 8. Bb3
dxe5 9. Nxe5 Nxe5 10. dxe5 Qxd1+ 11. Bxd1 e6 12. O-O Bd7 13. Bf3 Bc6 14. Bxc6+
bxc6 15. Rd1 Rd8 16. Rxd8+ Kxd8 17. Be3 Kc7 18. Nd2 Be7 19. Kf1 Rd8 20. Ne4 a6
21. Rc1 Nd5 22. Bc5 Bxc5 23. Nxc5 a5 24. g3 Nb4 25. a3 Nd3 26. Nxd3 Rxd3 27.
Ke2 Rb3 28. Rc2 g5 29. f3 Rb5 30. f4 gxf4 31. gxf4 Rb3 32. Kf1 Rf3+ 33. Rf2
Rxf2+ 34. Kxf2 Kb6 35. Ke3 Kc5 36. Kd3 Kd5 37. b3 Kc5 38. Kc3 Kb5 1/2-1/2

[Event "PLZEN 2022 – CALLIDITAS OPEN"]
[Site "Plzen (Ceska republika)"]
[Date "2022.08.22"]
[Round "3.16"]
[White "Pasek, Martin"]
[Black "Svejda, Karel"]
[Result "0-1"]
[WhiteElo "1826"]
[BlackElo "1603"]
[PlyCount "54"]
[EventDate "2022.08.20"]

1. c4 Nf6 2. Nc3 g6 3. g3 Bg7 4. Bg2 d6 5. e3 O-O 6. Nge2 c5 7. O-O Nc6 8. d4
Bd7 9. b3 Rb8 10. Bb2 a6 11. Qd2 b5 12. cxb5 axb5 13. a4 bxa4 14. bxa4 Na5 15.
Qc2 Nc4 16. Rfb1 Qa5 17. Bc1 Rb4 18. Nf4 cxd4 19. Rxb4 Qxb4 20. Ncd5 Nxd5 21.
Nxd5 Qe1+ 22. Bf1 d3 23. Qxc4 Bxa1 24. Qxd3 Qxc1 25. Nxe7+ Kg7 26. Kg2 Qc5 27.
Qb1 Bf6 0-1